01708 am a2200433 a 450000500170000000800410001702000150005804100080007310000320008124500510011325000110016426001160017530000120029150002040030365300200050765300290052765300690055665300280062565300440065365300540069765300330075165300290078465300260081365300270083965300320086665300270089865300250092565300290095065300370097965300250101665300150104165300520105665300280110865300320113665300210116865300270118970000260121670000320124220240618122647.0100706s2002||||ag a f |||| 001 0 spa d a9500620448 aspa1 aSan Román, Eduardo.eDir. aTrauma. bPrioridades / cEduardo San Román a1a ed. aBuenos Aires: bEditorial Médica Panamericana ; Sociedad Argentina de Medicina y Cirugía del Trauma;c2002. a620 p.  aSan Román, E., Neira, J. A. y Tisminetzky, G. (Dirs.). (2002). Trauma. Prioridades. (1a ed.). Buenos Aires : Editorial Médica Panamericana ; Sociedad Argentina de Medicina y Cirugía del Trauma. aEpidemiología aPrevención de lesiones aAdministración de recursos para la atención del traumatizado aGeneralidades en trauma aAtención prehospitalaria y transporte aAtención inicial de pacientes politraumatizados aTraumatismo encefalocraneano aTraumatismo maxilofacial aTraumatismo de cuello aTraumatismo de tórax aTraumatismo toracoabdominal aTraumatismo de abdomen aTraumatismo vascular aTraumatismo raquimedular aTraumatismo musculoesquelético aTraumatismo pelviano aQuemaduras aCuidados críticos en el paciente traumatizado aTraumatismos y embarazo aTraumatismos en pediatría aRehabilitación aAspectos medicolegales1 aNeira, Jorge A.eDir.1 aTisminetzky, Gustavo.eDir.